000 00427pab a2200145 454500
008 180718b xxu||||| |||| 00| 0 eng d
100 _aFelder Stefan
245 _aThe welfare effects of tax reforms in a life-cycle model: an analytical approach
362 _a48(2), 1993, p.210-24
650 _a Revenue
650 _a Finance, Public
650 _aTaxation -- Law and Legislation
773 _aPublic Finance
909 _a28068
999 _c28068
_d28068